000 002810000a22001330004500
041 0 _aSPA
082 0 4 _aAV 0155
110 1 _aIELCO
245 1 0 _aFolleto : Iglesia Evangélica Luterana de Colombia / IELCO
300 _a2 Pag
500 _aFollletos
001 13529
942 _cBK
999 _c42488
_d42488